000 00523nam a2200169 4500
999 _c17330
_d17330
008 220924b ||||| |||| 00| 0 eng d
020 _a9781119835752
082 _22022
_aDC 808.23
_bSch265
100 _aSchellhardt, Laura.
_946122
245 _aScreenwriting for dummies /
_cLaura Schellhardt.
250 _a3rd edition.
260 _aNew Jersey :
_bWiley Publishing,
_c©2022.
300 _axiii, 426 pages ;
_c23 cm.
500 _aIncludes index.
650 _aMotion picture authorship.
_946123
942 _2ddc
_cDC